• 首页
  • 本馆介绍
  • 公告通知
  • 最新文献
  • 馆藏检索
  • 电子资源
  • 读者导购
  • 参考咨询
  • 我的图书馆
  • 登录
  • 详细信息显示
  • 放入我的书架
  • 预约/预借图书
  • 作者相关作品
  • 分类相关作品
  • 丛书相关作品
  • 出版社相关作品

书目信息

  • 表格格式
  • 工作单格式
  • 卡片格式
书名: WHITEWASH
作者: HAROLD WEISBERG.
分册号:
分册名:
出版地: NEW YORK :
 
出版社: DELL PUBLISHING CO.INC
出版时间: 1966.
页数: 368 p. ;
开本: 19cm.
丛书名:
中图分类号:
科图分类号:
其他分类号: D44
主题词:
电子资源:
000 00408nam 2200145 a 4500
001 E0761650225
005 20070319171612.55
008 070319s1966 00010 eng
040    @aPFT@beng
090    @aD44
099    @dD44@ex7
245    @aWHITEWASH :@bTHE REPORT ON THE WARREN REPORT / @cHAROLD WEISBERG.
260    @aNEW YORK :@bDELL PUBLISHING CO.INC.,@c1966.
300    @a368 p. ;@c19cm.
700    @aWEISBERG,HAROLD
    
    WHITEWASH : : THE REPORT ON THE WARREN REPORT / / HAROLD WEISBERG.-NEW YORK : : DELL PUBLISHING CO.INC., , 1966.
    368 p. ; ; 19cm.
    
    
    ISBN
    
●
相关链接 在E读中查询图书 在五车中查询图书 在当当中查询图书 在豆瓣中查询图书


正题名:WHITEWASH     索取号:D44/x7         预约/预借

序号 登录号 条形码 馆藏地/架位号 状态 备注
1 0002590   300025906   第二样本阅览室/ [索取号:D44/x7] 在馆    
唐山师范学院图书馆 欢迎您!
大连网信软件有限公司© 版权所有